000
00153 a2200073 4500
020
_a
9781770098404
082
_a
327.40 ISTH
245
_a
THE UNSPOKEN ALLIANCE
999
_c
753537
_d
753536
942
_w
475
_x
Thobile Khumalo
_y
475
_z
Thobile Khumalo